[Event "Open Ricany 2012"]
[Site "http://www.openricany.cz/"]
[Date "2012.08.30"]
[Round "6.2"]
[White "Vesselovsky, Serguei"]
[Black "Vesecky, Martin"]
[Result "1/2-1/2"]
[WhiteElo "2360"]
[BlackElo "2114"]

1. e4 c5 2. Nf3 Nf6 3. e5 Nd5 4. g3 Nc6 5. Bg2 e6 6. O-O Be7 7. Re1 O-O 8. d4
b5 9. dxc5 Bb7 10. Nbd2 Bxc5 11. c4 bxc4 12. Nxc4 f6 13. Nd6 Bxf2+ 14. Kxf2 Qb6+
15. Be3 Nxe3 16. Rxe3 Nxe5 17. h3 Bd5 18. Nf5 Bxf3 19. Bxf3 Nxf3 20. Ne7+ Kf7
21. Nd5 Qxb2+ 22. Kxf3 Qb7 23. Rb1 Qxd5+ 24. Qxd5 exd5 25. Rb7 Rfd8 26. Ra3 Ke6
27. Ke3 a5 28. Rb5 Rdc8 29. Rd3 Rc2 30. Rbxd5 Ra7 31. a4 Rc4 32. R3d4 Rxd4
33. Kxd4 d6 34. Rb5 f5 35. g4 g6 36. gxf5+ gxf5 37. Ke3 Rg7 38. Kf4 Rg1 39. Rxa5
Rf1+ 40. Kg3 d5 41. Ra8 d4 42. a5 Kd5 43. a6 Kc5 44. a7 Kb6 45. Rd8 Kxa7
46. Rxd4 Kb6 47. Rh4 Kc6 48. Rxh7 Kd6 49. Ra7 Ke6 50. Ra8 Kf6 51. Rf8+ Kg7
52. Ra8 1/2-1/2

[Event "Open Ricany 2012"]
[Site "http://www.openricany.cz/"]
[Date "2012.08.30"]
[Round "6.3"]
[White "Postupa, Martin"]
[Black "Vojta, Tomas"]
[Result "0-1"]
[WhiteElo "2002"]
[BlackElo "2345"]
[PlyCount "74"]
[EventDate "2012.??.??"]

1. e4 d5 2. exd5 Nf6 3. c4 e6 4. dxe6 Bxe6 5. Nf3 Qe7 6. Qe2 Nc6 7. d4 Bg4 8.
Qxe7+ Bxe7 9. Be3 O-O-O 10. d5 Nb4 11. Na3 c6 12. dxc6 Nxc6 13. Be2 Bb4+ 14.
Kf1 Rhe8 15. Nc2 Ne4 16. h3 Bf5 17. Ncd4 Nxd4 18. Nxd4 Rxd4 19. Bxd4 Nd2+ 20.
Kg1 Rxe2 21. Bxa7 Bd3 22. Bd4 Bb1 23. Rxb1 Nxb1 24. g3 Nd2 25. Kg2 Re4 26. Ba7
Rxc4 27. Rd1 Ne4 28. b3 Rc2 29. Kf3 Bc5 30. Bxc5 Nxc5 31. Rd5 Kc7 32. b4 Ne6
33. Ra5 Nd4+ 34. Ke3 Nc6 35. Ra4 Rb2 36. a3 Kb8 37. b5 Rxb5 0-1

[Event "Open Ricany 2012"]
[Site "http://www.openricany.cz/"]
[Date "2012.08.30"]
[Round "6.5"]
[White "Sindler, Michal"]
[Black "Juptner, Jan"]
[Result "1/2-1/2"]
[WhiteElo "2144"]
[BlackElo "2378"]
[PlyCount "91"]
[EventDate "2012.??.??"]

1. e4 c5 2. Nf3 d6 3. Bb5+ Nc6 4. O-O Bd7 5. Re1 Nf6 6. h3 a6 7. Bf1 g6 8. c3
Bg7 9. d4 cxd4 10. cxd4 d5 11. e5 Ne4 12. Qb3 Bc8 13. Be3 O-O 14. Nbd2 Nxd2 15.
Bxd2 f6 16. exf6 Rxf6 17. Rad1 Rf7 18. Bc3 e6 19. Bb4 Rxf3 20. gxf3 Nxd4 21.
Qd3 e5 22. Bg2 Bf5 23. Qd2 Nc2 24. Ba5 Qc8 25. Rc1 Qc5 26. f4 d4 27. b4 Qc3 28.
Qxc3 dxc3 29. Rxc2 Bxc2 30. Rc1 Bd3 31. Bxb7 Rf8 32. Rxc3 e4 33. Rc6 Rxf4 34.
Bxa6 Bd4 35. Bb6 Bxb6 36. Rxb6 Bxa6 37. Rxa6 e3 38. fxe3 Rxb4 39. Kf2 Rb2+ 40.
Kg3 Re2 41. Ra3 Kf7 42. Kf4 Rf2+ 43. Kg3 Rc2 44. Kf3 Rh2 45. Kg3 Re2 46. Kf3
1/2-1/2

[Event "Open Ricany 2012"]
[Site "http://www.openricany.cz/"]
[Date "2012.08.30"]
[Round "6.6"]
[White "Rehorek, Martin"]
[Black "Vanka, Miloslav"]
[Result "1/2-1/2"]
[WhiteElo "2310"]
[BlackElo "2129"]

1. Nf3 Nf6 2. c4 e6 3. g3 b6 4. Bg2 Bb7 5. O-O c5 6. Nc3 Be7 7. Re1 O-O 8. e4
d6 9. d4 cxd4 10. Nxd4 Qc8 11. b3 a6 12. Bb2 Nbd7 13. Rc1 Qc7 14. f4 g6 15. e5
dxe5 16. fxe5 Nh5 17. Nf3 Rfd8 18. Qe2 Nc5 19. Rc2 Nd3 20. Rf1 Nxb2 21. Rxb2 Rd7
22. Ne4 Bxe4 23. Qxe4 Rad8 24. g4 Ng7 25. Qe2 Rd3 26. Kh1 Qd7 27. Rbb1 a5 28. h3
h5 29. Qe4 hxg4 30. hxg4 Qc7 31. Rbc1 Qc5 32. Rce1 R3d7 33. Qf4 Rf8 34. Re4 Qc7
35. Nd4 Bc5 36. Nf3 Be7 37. Qe3 Qd8 38. Qe2 Ne8 39. Qf2 Kg7 40. Bh3 Rh8 41. Kg2
Bc5 42. Qc2 Nc7 43. Qe2 Na6 44. g5 Be7 45. Qf2 Nc5 46. Rd4 Bxg5 47. Rxd7 Nxd7
48. Rd1 Qe7 49. Rxd7 Qxd7 50. Nxg5 Qe7 51. Ne4 Rd8 52. Bg4 Rh8 53. Bf3 Qb4
54. Be2 Qe7 55. Bg4 Rb8 56. Bf3 Qb4 57. Bg4 Qe7 58. Bf3 Qb4 59. Bg4 1/2-1/2

[Event "Open Ricany 2012"]
[Site "http://www.openricany.cz/"]
[Date "2012.08.30"]
[Round "6.7"]
[White "Postupa, Pavel"]
[Black "Gregor, Jiri"]
[Result "1-0"]
[WhiteElo "2144"]
[BlackElo "2291"]
[PlyCount "57"]
[EventDate "2012.??.??"]

1. e4 e6 2. d4 d5 3. f3 dxe4 4. fxe4 e5 5. Nf3 Bg4 6. Bc4 Nd7 7. O-O Ngf6 8. c3
Bd6 9. Bg5 Qe7 10. Nbd2 O-O 11. Qe1 Rae8 {[%xcpdma 2]} 12. Qh4 Bh5 13. Kh1 Bg6
14. Bd5 h6 15. Bxf6 Nxf6 16. Nc4 Qd7 17. Qg3 b5 18. Nxd6 Qxd6 19. a4 b4 20.
Rad1 bxc3 21. bxc3 Qe7 22. Nh4 Bh7 23. Rb1 Bg6 24. Nf5 Bxf5 25. Rxf5 exd4 26.
e5 Qd7 27. cxd4 Rd8 28. Qf3 Ng4 29. Rf4 {dale necitelne} 1-0

[Event "Open Ricany 2012"]
[Site "http://www.openricany.cz/"]
[Date "2012.08.30"]
[Round "6.8"]
[White "Vorobyov, Yrij"]
[Black "Pospisil, Evzen"]
[Result "1/2-1/2"]
[WhiteElo "2254"]
[BlackElo "2083"]
[PlyCount "41"]
[EventDate "2012.??.??"]

1. Nf3 Nf6 2. c4 e6 3. g3 d5 4. b3 Be7 5. Bg2 b6 6. Bb2 Bb7 7. cxd5 exd5 8. O-O
O-O 9. d4 Nbd7 10. Nc3 Re8 11. Rc1 Ne4 12. Qd3 Bf6 13. e3 Rc8 14. b4 c5 15.
dxc5 bxc5 16. bxc5 Ndxc5 17. Qd1 Qb6 18. Nxe4 dxe4 19. Nd4 Nd3 20. Rxc8 Rxc8
21. Ba1 1/2-1/2

[Event "Open Ricany 2012"]
[Site "http://www.openricany.cz/"]
[Date "2012.08.30"]
[Round "6.9"]
[White "Schmalz, Michal"]
[Black "Sedy, Pavel"]
[Result "1-0"]
[WhiteElo "2040"]
[BlackElo "2155"]
[PlyCount "101"]
[EventDate "2012.??.??"]

1. Nf3 b6 2. g3 Bb7 3. Bg2 e5 4. O-O e4 5. Ne1 Nf6 6. c4 Be7 7. Nc3 Bb4 8. Qc2
Bxc3 9. Qxc3 O-O 10. d3 h6 11. b3 Qe7 12. Bb2 Na6 13. Nc2 Rab8 14. Ne3 Qd6 15.
Rad1 Rfd8 16. Nd5 Bxd5 17. cxd5 Qxd5 18. dxe4 Qc5 19. Qf3 Qh5 20. Qc3 Nc5 21.
e5 Nfe4 22. Qd4 Ng5 23. f4 Nge6 24. Qc3 Qxe2 25. Bf3 Qb5 26. h4 Na6 27. Rd5 Qb4
28. Rfd1 Qxc3 29. Bxc3 Nf8 30. f5 c6 31. Rd6 Re8 32. Bh5 Nc5 33. Re1 Nb7 34.
Rd4 g6 35. Bg4 Rbd8 36. Bd2 Kh7 37. fxg6+ fxg6 38. Rf4 Kg7 39. Ref1 Re7 40. e6
dxe6 41. Bc3+ e5 42. Bxe5+ Rxe5 43. Rf7+ Kg8 44. Rxb7 Re3 45. Kg2 Rd2+ 46. Rf2
Rdd3 47. Rb8 Rxg3+ 48. Kh2 g5 49. Rbxf8+ Kg7 50. R2f7+ Kg6 51. h5# 1-0

[Event "Open Ricany 2012"]
[Site "http://www.openricany.cz/"]
[Date "2012.08.30"]
[Round "6.10"]
[White "Haba, Zdenek"]
[Black "Zvara, David"]
[Result "0-1"]
[WhiteElo "2236"]
[BlackElo "2059"]
[PlyCount "62"]
[EventDate "2012.??.??"]

1. d4 d5 2. c4 e6 3. Nc3 Nf6 4. cxd5 exd5 5. Bg5 c6 6. Qc2 Be7 7. e3 O-O 8. Bd3
h6 9. Bh4 Re8 10. Nge2 Nbd7 11. h3 b6 12. O-O-O c5 13. Kb1 a6 14. g4 c4 15. Bf5
b5 16. Rc1 b4 17. Na4 Nb6 18. Nc5 Nfd7 19. Bxe7 Qxe7 20. Nxd7 Bxd7 21. Bxd7
Qxd7 22. Qf5 Qa4 23. Nf4 c3 24. Nxd5 Nc4 25. b3 Nd2+ 26. Kc2 Qxa2+ 27. Kd3 Nxb3
28. Rc2 Qa5 29. Nf4 Qb6 30. Rb1 a5 31. Ke2 Nxd4+ 0-1

[Event "Open Ricany 2012"]
[Site "http://www.openricany.cz/"]
[Date "2012.08.30"]
[Round "6.11"]
[White "Voracek, Zdenek"]
[Black "Kozak, Milos"]
[Result "1/2-1/2"]
[WhiteElo "2045"]
[BlackElo "2104"]
[PlyCount "54"]
[EventDate "2012.??.??"]

1. d4 Nf6 2. c4 e6 3. Nf3 b6 4. g3 Ba6 5. b3 Bb4+ 6. Bd2 Be7 7. Bg2 c6 8. O-O
d5 9. Qc2 Nbd7 10. Rd1 O-O 11. Bc3 Rc8 12. Nbd2 c5 13. dxc5 bxc5 14. e3 Qb6 15.
cxd5 exd5 16. Qb2 Rfe8 17. Nh4 Qe6 18. Rac1 Bf8 19. Nhf3 h6 20. Qb1 Rb8 21. Nh4
Be2 22. Re1 Bg4 23. Bh1 g5 24. Nhf3 Bf5 25. Qa1 Ne4 26. Nxe4 Bxe4 27. Nd2 Bxh1
1/2-1/2

[Event "Open Ricany 2012"]
[Site "http://www.openricany.cz/"]
[Date "2012.08.30"]
[Round "6.12"]
[White "Vavrinec, Tomas"]
[Black "Cerny, Martin"]
[Result "0-1"]
[WhiteElo "2018"]
[BlackElo "2185"]
[PlyCount "106"]
[EventDate "2012.??.??"]

1. c4 Nf6 2. Nc3 c5 3. g3 g6 4. Bg2 Bg7 5. Nf3 O-O 6. O-O Nc6 7. d4 cxd4 8.
Nxd4 Nxd4 9. Qxd4 d6 10. Qd3 a6 11. Bd2 Rb8 12. c5 Bf5 13. e4 Be6 14. cxd6 Qxd6
15. Qe2 Qc5 16. Be3 Qb4 17. Rfd1 Ng4 18. Bf4 Rbd8 19. Nd5 Qxb2 20. Qxb2 Bxb2
21. Rab1 Bxd5 22. exd5 Ba3 23. h3 Nf6 24. Rb3 Bc5 25. Rxb7 Rc8 26. Be5 Rfd8 27.
g4 Rd7 28. Bxf6 Rxb7 29. d6 Rd7 30. Bxe7 Re8 31. Rd5 Bxd6 32. Rxd6 Rexe7 33.
Rxa6 Ra7 34. Rxa7 Rxa7 35. Bd5 g5 36. Kg2 Kg7 37. Kg3 Ra4 38. Bb3 Rb4 39. h4 h6
40. hxg5 hxg5 41. Bd5 Kf6 42. Bb3 Rd4 43. Bc2 Ke5 44. Bb3 f6 45. Bf7 Rd3+ 46.
f3 Rd1 47. a4 Ra1 48. Be8 Kd4 49. Bd7 Ke3 50. Bc6 Rg1+ 51. Kh2 Kf2 52. Bd5 Rd1
53. Bb7 Rd8 0-1

[Event "Open Ricany 2012"]
[Site "http://www.openricany.cz/"]
[Date "2012.08.30"]
[Round "6.13"]
[White "Hadzala, Daniel"]
[Black "Plasek, Zdenek"]
[Result "1-0"]
[WhiteElo "2127"]
[BlackElo "1983"]
[PlyCount "81"]
[EventDate "2012.??.??"]

1. d4 d5 2. Nf3 c6 3. c4 e6 4. Nc3 dxc4 5. a4 Bb4 6. e3 b5 7. Bd2 a5 8. Ne5 Bb7
9. Qg4 Kf8 10. Qf3 Qc7 11. Be2 Nf6 12. O-O Nbd7 13. Qg3 Nxe5 14. dxe5 Bxc3 15.
Bxc3 Ne4 16. Qf4 Nxc3 17. bxc3 Bc8 18. Rfd1 Bd7 19. Rd6 Be8 20. Rxe6 h6 21. Rd1
Kg8 22. Red6 Qe7 23. Qd4 Kh7 24. Bf3 Ra7 25. Be4+ g6 26. f4 Rc7 27. Qc5 f5 28.
Bc2 Rg8 29. e4 fxe4 30. Bxe4 Rg7 31. g3 Kh8 32. Qb6 Rb7 33. Qxa5 Ra7 34. Qb4
Rxa4 35. Qc5 Qa7 36. Qxa7 Raxa7 37. f5 gxf5 38. Rxh6+ Rh7 39. Rxh7+ Kxh7 40.
Bxf5+ Kg7 41. Rd8 1-0

[Event "Open Ricany 2012"]
[Site "http://www.openricany.cz/"]
[Date "2012.08.30"]
[Round "6.14"]
[White "Janacek, Jaroslav"]
[Black "Moravec, Vit"]
[Result "1/2-1/2"]
[WhiteElo "2020"]
[BlackElo "2115"]
[PlyCount "195"]
[EventDate "2012.??.??"]

1. e4 d6 2. d4 Nf6 3. Nc3 g6 4. f4 Bg7 5. Nf3 O-O 6. Be3 c5 7. dxc5 Qa5 8. Qd2
dxc5 9. Bd3 Rd8 10. Qe2 c4 11. Bxc4 Nxe4 12. O-O Nxc3 13. bxc3 Qxc3 14. Rab1
Nc6 15. Rb3 Qf6 16. Ng5 Rf8 17. Ne4 Qf5 18. Ng3 Qd7 19. f5 Na5 20. fxg6 hxg6
21. Rd3 Qg4 22. Bxf7+ Kh7 23. Qe1 Nc6 24. Rf4 Qxf4 25. Bxf4 Rxf7 26. Qe4 e5 27.
Be3 Be6 28. Rd6 Re8 29. h4 Bf8 30. Rxe6 Rxe6 31. Qg4 Ref6 32. Ne4 Rf1+ 33. Kh2
Be7 34. Bg5 R1f4 35. Bxf4 Rxf4 36. Ng5+ Kh6 37. Qc8 Rxh4+ 38. Nh3 g5 39. Qxb7
Rc4 40. Qb3 Na5 41. Qb5 Rc5 42. Qd7 Nc6 43. Qe6+ Kg7 44. c4 Bf6 45. Nf2 Nd4 46.
Qd7+ Kg6 47. Qa4 e4 48. Nxe4 Be5+ 49. g3 Rc8 50. Qa6+ Rc6 51. Qxa7 Rxc4 52.
Qa6+ Rc6 53. Qd3 Kh6 54. Kh3 Rg6 55. Kg4 Nc6 56. Nd2 Bd6 57. Nc4 Bc5 58. Qd5
Bf8 59. a4 Nb4 60. Qh1+ Kg7 61. Ne5 Re6 62. Kf5 Rf6+ 63. Kxg5 Re6 64. Qa1 Be7+
65. Kg4 Bf6 66. Qb1 Bxe5 67. Qxb4 Rg6+ 68. Kf5 Bxg3 69. Qe7+ Kh6 70. Qe3+ Kg7
71. Qc3+ Kh7 72. a5 Bb8 73. Qc8 Ba7 74. Qb7+ Rg7 75. Qh1+ Kg8 76. a6 Rf7+ 77.
Ke6 Rg7 78. Qa8+ Kh7 79. Qe4+ Kg8 80. Kd6 Bb8+ 81. Kc6 Ba7 82. Qd5+ Kh7 83. Qd8
Bg1 84. Qd3+ Kg8 85. Qd5+ Kh8 86. Qh5+ Kg8 87. Kd6 Ba7 88. Ke6 Bg1 89. Qd5 Ba7
90. Kf6+ Kh7 91. Qh5+ Kg8 92. Qh4 Rf7+ 93. Ke6 Rg7 94. Qh5 Bg1 95. Kf6 Bd4+ 96.
Ke6 Bg1 97. Qe8+ Kh7 98. Qh5+ 1/2-1/2

[Event "Open Ricany 2012"]
[Site "http://www.openricany.cz/"]
[Date "2012.08.30"]
[Round "6.15"]
[White "Skala, Jaromir"]
[Black "Skacel, Jan"]
[Result "1/2-1/2"]
[WhiteElo "2038"]
[BlackElo "2105"]
[PlyCount "21"]
[EventDate "2012.??.??"]

1. d4 d5 2. c4 e6 3. Nf3 Nf6 4. Bg5 Bb4+ 5. Bd2 Qe7 6. e3 O-O 7. Bxb4 Qxb4+ 8.
Qd2 Qxd2+ 9. Nbxd2 c6 10. Be2 Nbd7 11. O-O 1/2-1/2

[Event "Open Ricany 2012"]
[Site "http://www.openricany.cz/"]
[Date "2012.08.30"]
[Round "6.16"]
[White "Volek, Radomir"]
[Black "Pavlicek, Petr"]
[Result "0-1"]
[WhiteElo "2057"]
[BlackElo "2011"]
[PlyCount "87"]
[EventDate "2012.??.??"]

1. e4 c5 2. Nf3 d6 3. d4 cxd4 4. Nxd4 Nf6 5. Nc3 a6 6. Be2 e5 7. Nb3 Be6 8. O-O
Be7 9. f4 Qc7 10. Nd5 Bxd5 11. exd5 Nbd7 12. c4 O-O 13. Be3 Rfe8 14. Rc1 b6 15.
Bd3 g6 16. g4 exf4 17. Rxf4 Bd8 18. Qd2 Ne5 19. h3 Qe7 20. Bd4 Nfd7 21. Be2 Qh4
22. Re4 Qg3+ 23. Kf1 Qxh3+ 24. Kg1 Qg3+ 25. Kf1 Qh4 26. Kg2 Bg5 27. Be3 Bxe3
28. Qxe3 Qf6 29. Rf1 Qg7 30. g5 f5 31. Rh4 Ng4 32. Qd2 Ne3+ 33. Kg1 Qe5 34. Rh3
f4 35. Nd4 Qxg5+ 36. Bg4 h5 37. Ne6 Rxe6 38. dxe6 Ne5 39. Kh1 N5xg4 40. Qe2 Re8
41. Qf3 Rxe6 42. Qe2 Kg7 43. b3 Qe5 44. Rff3 0-1

[Event "Open Ricany 2012"]
[Site "http://www.openricany.cz/"]
[Date "2012.08.30"]
[Round "6.17"]
[White "Janicek, Jindrich"]
[Black "Sargsyan, Karen"]
[Result "1-0"]
[WhiteElo "2053"]
[BlackElo "1932"]
[PlyCount "94"]
[EventDate "2012.??.??"]

1. Nf3 Nf6 2. c4 c6 3. d4 d5 4. Nc3 g6 5. e3 Bg7 6. Bd3 O-O 7. O-O Na6 8. cxd5
cxd5 9. a3 Nc7 10. b4 Nd7 11. Qb3 Nf6 12. a4 Bg4 13. Ne5 Be6 14. Qd1 Rc8 15.
Ba3 Nce8 16. Rc1 Nd6 17. b5 Nc4 18. Nxc4 dxc4 19. Bc2 Qa5 20. Qe1 Qc7 21. f3
Nd5 22. Nxd5 Bxd5 23. Kh1 Bh6 24. e4 Bxc1 25. Qxc1 Be6 26. d5 Bd7 27. Bxe7 Rfe8
28. Bf6 Qd6 29. Qg5 h6 30. Qh4 c3 31. f4 Rc4 32. e5 Qf8 33. Qg3 Kh7 34. h4 h5
35. f5 Rg4 36. Qxc3 Rc8 37. Qd3 Qc5 38. fxg6+ fxg6 39. Bb1 Be8 40. d6 Rd4 41.
Qe2 Rg4 42. Be4 Qd4 43. Bxb7 Rc3 44. Qf2 Qxa4 45. e6 Bxb5 46. Bxc3 Rxh4+ 47.
Kg1 Bxf1 1-0

[Event "Open Ricany 2012"]
[Site "http://www.openricany.cz/"]
[Date "2012.08.30"]
[Round "6.18"]
[White "Koper, Stefan"]
[Black "Groh, Jiri"]
[Result "0-1"]
[WhiteElo "1989"]
[BlackElo "2049"]
[PlyCount "71"]
[EventDate "2012.??.??"]

1. d4 d5 2. c4 e6 3. cxd5 exd5 4. Nc3 Nf6 5. Bg5 Be7 6. e3 O-O 7. Bd3 h6 8. Bh4
Be6 9. Nge2 Nbd7 10. Bg3 c5 11. Nf4 cxd4 12. exd4 Qb6 13. Rb1 Bd6 14. Nxe6 fxe6
15. Bxd6 Qxd6 16. O-O Nh7 17. Qe2 Rae8 18. Rbe1 Ng5 19. h4 Nf7 20. f4 Nd8 21.
f5 Qg3 22. fxe6 Rxe6 23. Qd2 Rxf1+ 24. Rxf1 Nf6 25. Bf5 Rb6 26. Qf2 Qd6 27. a3
a5 28. Na4 Rc6 29. Nc5 Rc7 30. Nd3 Nc6 31. Nf4 Re7 32. Ng6 Re8 33. Bd3 Qe6 34.
Bf5 Qe3 35. Qxe3 Rxe3 36. Rc1 {dale necitelne} 0-1

[Event "Open Ricany 2012"]
[Site "http://www.openricany.cz/"]
[Date "2012.08.30"]
[Round "6.19"]
[White "Mrna, Vladimir"]
[Black "Pycha, Patrik"]
[Result "1-0"]
[WhiteElo "2045"]
[BlackElo "1925"]
[PlyCount "113"]
[EventDate "2012.??.??"]

1. c4 Nf6 2. g3 e6 3. Bg2 d5 4. Nf3 Be7 5. O-O O-O 6. b3 b6 7. Bb2 Bb7 8. Qc2
h6 9. d3 c5 10. e3 Nbd7 11. Nbd2 Rc8 12. Rfe1 Qc7 13. a3 Rfe8 14. Rac1 Bf8 15.
Qb1 Qb8 16. cxd5 exd5 17. d4 Bd6 18. Qa1 Kh8 19. Bh3 cxd4 20. Bxd4 Rxc1 21.
Rxc1 Bf8 22. b4 Qd8 23. Nh4 Ne4 24. Nxe4 dxe4 25. Qc3 Bd5 26. Qc7 Be6 27. Bxe6
fxe6 28. Ng6+ Kg8 29. Nxf8 Rxf8 30. Qxd8 Rxd8 31. Rc7 e5 32. Bb2 a5 33. bxa5
bxa5 34. Ra7 Rb8 35. Rxd7 Rxb2 36. Rd5 a4 37. Ra5 Ra2 38. Rxa4 Kf7 39. Rxe4 Kf6
40. Ra4 Kf5 41. h4 g5 42. hxg5 hxg5 43. Ra8 Kg4 44. Kg2 e4 45. a4 Ra1 46. a5
Ra4 47. a6 Ra3 48. a7 Ra1 49. Re8 Rxa7 50. Rxe4+ Kf5 51. Kf3 Rf7 52. g4+ Kg6+
53. Kg3 Ra7 54. Re6+ Kf7 55. Re5 Kg6 56. f4 gxf4+ 57. exf4 1-0

[Event "Open Ricany 2012"]
[Site "http://www.openricany.cz/"]
[Date "2012.08.30"]
[Round "6.20"]
[White "Marikova, Jana"]
[Black "Pospisil, Martin"]
[Result "1/2-1/2"]
[WhiteElo "1887"]
[BlackElo "2084"]
[PlyCount "22"]
[EventDate "2012.??.??"]

1. d4 Nf6 2. c4 e6 3. Nf3 b6 4. a3 Be7 5. Nc3 Bb7 6. d5 O-O 7. e4 d6 8. Be2 c5
9. O-O e5 10. Ne1 Nbd7 11. f4 Ne8 1/2-1/2

[Event "Open Ricany 2012"]
[Site "http://www.openricany.cz/"]
[Date "2012.08.30"]
[Round "6.21"]
[White "Kratochvil, Jakub"]
[Black "Alfimov, Igor"]
[Result "1/2-1/2"]
[WhiteElo "2152"]
[BlackElo "1969"]
[PlyCount "39"]
[EventDate "2012.??.??"]

1. e4 e5 2. Nf3 Nc6 3. Bb5 a6 4. Ba4 d6 5. c3 Bd7 6. O-O g6 7. d4 Bg7 8. Re1 h6
9. dxe5 Nxe5 10. Nxe5 dxe5 11. Nd2 b5 12. Bc2 Nf6 13. Nf3 Qe7 14. Be3 Ng4 15.
Bd2 O-O 16. h3 Nf6 17. Qe2 c5 18. b3 Bc6 19. a4 Rfe8 20. Nh2 1/2-1/2

[Event "Open Ricany 2012"]
[Site "http://www.openricany.cz/"]
[Date "2012.08.30"]
[Round "6.22"]
[White "Kovar, Josef"]
[Black "Prochazka, Petr"]
[Result "1-0"]
[WhiteElo "2052"]
[BlackElo "1965"]
[PlyCount "67"]
[EventDate "2012.??.??"]

1. Nf3 Nc6 2. e4 d5 3. exd5 Qxd5 4. Nc3 Qd8 5. Bb5 Bd7 6. d4 e6 7. O-O Nf6 8.
Bg5 Ne7 9. a4 c6 10. Bd3 Ned5 11. Ne4 Be7 12. Nc5 b6 13. Na6 O-O 14. Ne5 h6 15.
Bd2 Bd6 16. f4 Qc8 17. Qe2 Nc7 18. Nb4 c5 19. Nec6 Bxc6 20. Nxc6 Qb7 21. Qf3
Ncd5 22. Ne5 cxd4 23. g4 Qc7 24. Nc4 Ne3 25. Nxe3 dxe3 26. Bc3 e2 27. Qxe2 Nd5
28. Qe4 g6 29. Bd2 Qc5+ 30. Kh1 Nf6 31. Qg2 Rac8 32. f5 exf5 33. gxf5 Qc6 34.
Rf3 1-0

[Event "Open Ricany 2012"]
[Site "http://www.openricany.cz/"]
[Date "2012.08.30"]
[Round "6.23"]
[White "Starek, Stanislav"]
[Black "Vlcek, Marek"]
[Result "0-1"]
[WhiteElo "2050"]
[BlackElo "1955"]
[PlyCount "64"]
[EventDate "2012.??.??"]

1. d4 Nf6 2. c4 e6 3. Nc3 d5 4. Nf3 c6 5. Bg5 Nbd7 6. cxd5 exd5 7. e3 Be7 8.
Bd3 O-O 9. Qc2 b5 10. Ne5 Nxe5 11. dxe5 Ne4 12. Bxe7 Qxe7 13. Nxe4 dxe4 14.
Bxe4 Qb4+ 15. Ke2 h6 16. a3 Qe7 17. Rad1 Bb7 18. f4 f6 19. Bxc6 Rac8 20. Rd7
Qxd7 21. Qb3+ Qf7 22. e6 Qe7 23. Bxb7 Qxb7 24. Kf2 Rc4 25. Rd1 Qe4 26. e7 Qxe7
27. Qxb5 Rc7 28. Kf3 f5 29. h3 Rc5 30. Qb3+ Kh8 31. g4 fxg4+ 32. hxg4 Qh4 0-1

[Event "Open Ricany 2012"]
[Site "http://www.openricany.cz/"]
[Date "2012.08.30"]
[Round "6.24"]
[White "Novak, Jindrich"]
[Black "Rihova, Kamila"]
[Result "1-0"]
[WhiteElo "2041"]
[BlackElo "1672"]
[PlyCount "101"]
[EventDate "2012.??.??"]

1. e4 e5 2. Nf3 Nf6 3. Nxe5 d6 4. Nf3 Nxe4 5. Qe2 Qe7 6. Nc3 Nxc3 7. Qxe7+ Bxe7
8. dxc3 Nc6 9. Bg5 Bxg5 10. Nxg5 h6 11. Nf3 O-O 12. O-O-O a5 13. Nd4 Nxd4 14.
Rxd4 Rd8 15. Bc4 Be6 16. Bxe6 fxe6 17. Re1 e5 18. Rde4 Rf8 19. f3 b5 20. c4
Rfb8 21. c5 Ra6 22. Rd1 Rc6 23. cxd6 cxd6 24. f4 Rbc8 25. Rd2 Rc5 26. fxe5 dxe5
27. Rde2 Re8 28. Rf2 Re6 29. c3 Rf6 30. Rfe2 Re6 31. Kc2 Kf7 32. Kb3 Re8 33.
Rg4 g5 34. Rf2+ Kg6 35. Re4 Kg7 36. Rf5 Kg6 37. g4 h5 38. h3 Re6 39. a4 hxg4
40. hxg4 Re7 41. axb5 Rxb5+ 42. Ka3 Reb7 43. b4 axb4+ 44. cxb4 Re7 45. Kb3 Re6
46. Kc4 Rbb6 47. Kc3 Rbc6+ 48. Rc4 Rf6 49. Rc5 Rxc5+ 50. bxc5 e4 51. Kd2 1-0

[Event "Open Ricany 2012"]
[Site "http://www.openricany.cz/"]
[Date "2012.08.30"]
[Round "6.25"]
[White "Fencl, Pavel"]
[Black "Hrdina, Robin"]
[Result "1-0"]
[WhiteElo "1966"]
[BlackElo "2024"]
[PlyCount "101"]
[EventDate "2012.??.??"]

1. c4 c5 2. Nc3 Nc6 3. g3 g6 4. Bg2 Bg7 5. e4 e6 6. Nge2 Nge7 7. d3 d6 8. O-O
O-O 9. Rb1 Rb8 10. a3 b6 11. b4 Bb7 12. Bf4 e5 13. Bg5 f6 14. Be3 Nd4 15. b5
Bc8 16. Qd2 Rf7 17. Bh6 g5 18. Bxg7 Rxg7 19. Nxd4 cxd4 20. Na2 Bd7 21. Nb4 Qc8
22. Na6 Rb7 23. Qb4 Bh3 24. Qxd6 Ng6 25. Qc6 Be6 26. Qxc8+ Bxc8 27. Nb4 Be6 28.
a4 Nf8 29. a5 Nd7 30. axb6 axb6 31. Nc6 Nc5 32. Ra1 h5 33. Ra6 Kh7 34. Rfa1 Bg4
35. f3 Bd7 36. Nb4 h4 37. g4 Rg8 38. Bf1 Kg6 39. Ra7 Rgb8 40. Nd5 Kf7 41. h3
Ke6 42. Rxb7 Rxb7 43. Ra8 Kf7 44. Kf2 Kg7 45. Ke2 Kf7 46. Kd1 Kg7 47. Kc2 Kf7
48. Kb2 Kg7 49. Ka3 Kf7 50. Kb4 Kg7 51. Nxb6 1-0

[Event "Open Ricany 2012"]
[Site "http://www.openricany.cz/"]
[Date "2012.08.30"]
[Round "6.26"]
[White "Hanl, Frantisek"]
[Black "Havlik, Frantisek"]
[Result "1-0"]
[WhiteElo "1911"]
[BlackElo "1994"]
[PlyCount "119"]
[EventDate "2012.??.??"]

1. Nf3 Nf6 2. g3 g6 3. Bg2 Bg7 4. O-O d6 5. d3 O-O 6. e4 c5 7. c4 Nc6 8. Nc3
Bg4 9. Be3 Qd7 10. Qd2 Ne8 11. Bh6 Bxf3 12. Bxf3 Nd4 13. Bg2 a6 14. Bxg7 Kxg7
15. Nd5 Qd8 16. f4 e6 17. Ne3 Ra7 18. f5 b5 19. fxe6 fxe6 20. Rxf8 Kxf8 21. Ng4
Rf7 22. Qh6+ Kg8 23. e5 d5 24. cxd5 exd5 25. Qe3 Kg7 26. e6 Rf5 27. Nh6 Rf6 28.
Nf7 Rxf7 29. exf7 Kxf7 30. Qe5 Nf6 31. Rf1 Nf5 32. g4 Nxg4 33. Bxd5+ Kf8 34.
Qh8+ Ke7 35. Qxd8+ Kxd8 36. Bb7 a5 37. Rc1 Kc7 38. Bf3 Ne5 39. Rxc5+ Kd6 40.
Rd5+ Ke6 41. Be4 Nd6 42. a4 bxa4 43. Rxa5 Nxe4 44. dxe4 Nc4 45. Rxa4 Nxb2 46.
Ra2 Nc4 47. Kf2 Ke5 48. Kf3 h6 49. h3 g5 50. Ra4 Nd6 51. Ra5+ Ke6 52. Rc5 Nf7
53. Ke3 h5 54. Kd4 Kd6 55. e5+ Kd7 56. Kd5 Nd8 57. Ra5 g4 58. Ra7+ Ke8 59. hxg4
hxg4 60. Rg7 1-0

[Event "Open Ricany 2012"]
[Site "http://www.openricany.cz/"]
[Date "2012.08.30"]
[Round "6.27"]
[White "Hadrava, Jaroslav"]
[Black "Lacha, Jan"]
[Result "0-1"]
[WhiteElo "1914"]
[BlackElo "1891"]
[PlyCount "66"]
[EventDate "2012.??.??"]

1. e4 e6 2. d4 d5 3. Nc3 Bb4 4. e5 c5 5. a3 Bxc3+ 6. bxc3 Ne7 7. Nf3 Nbc6 8.
Bd3 Qa5 9. Bd2 c4 10. Be2 O-O 11. O-O Qd8 12. Bg5 Qe8 13. Qd2 Nf5 14. Nh4 Nxh4
15. Bxh4 f6 16. exf6 gxf6 17. f4 Ne7 18. f5 Nxf5 19. Rxf5 exf5 20. Bf3 Qf7 21.
Qh6 Be6 22. Re1 Rae8 23. Bh5 Qg7 24. Qf4 Bf7 25. Bxf7+ Qxf7 26. Rf1 Re4 27.
Qg3+ Rg4 28. Qh3 Qh5 29. g3 Re8 30. Qg2 Qf7 31. Rxf5 Re1+ 32. Rf1 Rge4 33. Bxf6
Qxf6 0-1

[Event "Open Ricany 2012"]
[Site "http://www.openricany.cz/"]
[Date "2012.08.30"]
[Round "6.28"]
[White "Koys, Milan"]
[Black "Kylar, Miroslav"]
[Result "0-1"]
[WhiteElo "2104"]
[BlackElo "1907"]
[PlyCount "66"]
[EventDate "2012.??.??"]

1. e4 e5 2. Nf3 Nf6 3. d3 Nc6 4. g3 d6 5. c3 Be7 6. Bg2 O-O 7. Nbd2 Bg4 8. h3
Bd7 9. O-O Re8 10. Kh2 Bf8 11. d4 exd4 12. Nxd4 g6 13. f4 Bg7 14. Qb3 Rb8 15.
Qc2 Kf8 16. Nc4 d5 17. exd5 Nxd4 18. cxd4 Bf5 19. Qb3 Be4 20. Ne5 Bxd5 21. Bxd5
Qxd5 22. Qxd5 Nxd5 23. Nxf7 Kg8 24. Ne5 Rbd8 25. Re1 Nb4 26. Rf1 Rxd4 27. Nf3
Re2+ 28. Kh1 Rd3 29. a3 Nc2 30. Rb1 Nd4 31. Ng1 Rc2 32. g4 Ne2 33. Rf2 Rd1 0-1

[Event "Open Ricany 2012"]
[Site "http://www.openricany.cz/"]
[Date "2012.08.30"]
[Round "6.29"]
[White "Boucek, Vlastimil"]
[Black "Danilov, Viacheslav"]
[Result "0-1"]
[WhiteElo "2008"]
[BlackElo "1900"]
[PlyCount "38"]
[EventDate "2012.??.??"]

1. e4 e5 2. f4 d5 3. exd5 exf4 4. Bb5+ Bd7 5. Qe2+ Be7 6. Bc4 Nf6 7. Nf3 O-O 8.
O-O Bg4 9. Nc3 Bc5+ 10. Kh1 Re8 11. Qd1 Nbd7 12. h3 Ne5 13. hxg4 Nfxg4 14. d4
Bxd4 15. Qxd4 Nxf3 16. Rxf3 Re1+ 17. Qg1 Qh4+ 18. Rh3 Rxg1+ 19. Kxg1 Qf2+ 0-1